[Event "Genova Primavera op 10th"]
[Site "Genova"]
[Date "2007.03.23"]
[Round "1"]
[White "Caridi, Nicolo"]
[Black "Fabbricini, Dante"]
[Result "1-0"]
[WhiteElo "1919"]
[BlackElo "1502"]
[PlyCount "73"]
[EventDate "2007.03.23"]
[EventType "swiss"]
[EventRounds "5"]
[EventCountry "ITA"]
[SourceTitle "EXT 2008"]
[Source "ChessBase"]
[SourceDate "2007.11.25"]
[SourceVersion "1"]
[SourceVersionDate "2007.11.25"]
[SourceQuality "1"]

1. d4 Nf6 2. c4 e6 3. Nc3 Bb4 4. e3 c5 5. Bd3 0-0 6. Nf3 d5 7. 0-0 Nc6 8. a3 Bxc3 9. bxc3 Qa5 10. Qc2 dxc4 11. Bxc4 b5 12. Ba2 c4 13. e4 Bb7 14. Bb1 e5 15. d5 Ne7 16. Nxe5 Ng6 17. Nxg6 fxg6 18. Be3 Rae8 19. Bc5 Rf7 20. f3 a6 21. Bd4 Nd7 22. Qb2 Qc7 23. a4 Nc5 24. Bc2 Qb6 25. axb5 axb5 26. Qb4 Rc8 27. Rfb1 Ba6 28. Rxa6 Nxa6 29. Bxb6 Nxb4 30. Rxb4 Rb7 31. Bd4 Ra8 32. e5 Ra1+ 33. Rb1 Rxb1+ 34. Bxb1 b4 35. cxb4 Rxb4 36. Be4 Kf7 37. e6+ 1-0